000 00875nam a2200229 i 4500
001 119593
003 ES-MaACL
005 20250824040306.0
007 t|
008 070214s1946 sp r ||||1| spa d
245 0 0 _aPiezas maestras del teatro teológico español /
_cselección, notas e introducción general de Nicolás González Ruiz.
260 _aMadrid :
_bLa Editorial Católica,
_c1946.
300 _a2 v. ;
_c20 cm.
490 1 _aBiblioteca de autores cristianos ;
_v17-18
505 8 _aContiene: 1. Autos sacramentales - 2. Comedias
650 7 _aTeatro religioso español
_2embne
_917386
700 1 _aGonzález Ruiz, Nicolás,
_d1897-1967
_958946
830 1 0 _aBiblioteca de autores cristianos
_v17-18
_9178679
852 4 _aES-MaACL
_jD-5489-90
852 4 _aES-MaACL
_jE-11972
_z(v. 1)
_z- Biblioteca Jacinto Martínez Lacalle
999 _c119593
_d119593